Cesta Evropské unie k arktické politice

Rozsiahle územie Arktídy priťahuje pozornosť nielen arktických pobrežných štátov, ale aj ďalších aktérov a medzi nimi tiež Európsku úniu. Pohľad na arktickú angažovanosť EÚ vo formálnom i obsahovom smere.

Na minha lista:
Detalhes bibliográficos
Autor principal: Trávníčková, Zuzana
Formato: Capítulo de Livro
Idioma:tcheco
Assuntos:
Tags: Adicionar Tag
Sem tags, seja o primeiro a adicionar uma tag!

MARC

LEADER 00000nla a2200000 4500
001 0236479
005 20240417075127.0
041 0 |a cze 
044 |a SK 
245 1 0 |a Cesta Evropské unie k arktické politice  |c Zuzana Trávníčková 
520 |a Rozsiahle územie Arktídy priťahuje pozornosť nielen arktických pobrežných štátov, ale aj ďalších aktérov a medzi nimi tiež Európsku úniu. Pohľad na arktickú angažovanosť EÚ vo formálnom i obsahovom smere. 
610 2 0 |a Európska únia 
610 2 0 |a Arktída 
610 2 0 |a rozvoj trvalo udržateľný 
610 2 0 |a záujmy ekonomické 
100 1 |a Trávníčková, Zuzana